| 000 | 00539cam a22002291 4500 | ||
|---|---|---|---|
| 001 | sa 66001215 | ||
| 003 | DLC | ||
| 005 | 20260227112220.0 | ||
| 008 | 950222s1961 ii 000 0 tamo | ||
| 010 | _asa 66001215 | ||
| 025 | _aPL480:I-T-36 | ||
| 035 | _a(OCoLC)32036164 | ||
| 040 |
_aDLC _cCU _dCU _dDLC |
||
| 042 | _apremarc | ||
| 050 | 0 | 0 |
_aPN6409.T3 _bA7 |
| 100 | 1 | _aAṇṇāmalai, Cin̲n̲a. | |
| 245 | 1 | 0 | _aCuvai nān̲ūr̲u. |
| 260 | _c[1961] | ||
| 300 |
_a96 p. _c18 cm. |
||
| 500 | _aIn Tamil. | ||
| 650 | 0 | _aProverbs. | |
| 999 |
_c67640 _d67640 |
||